| 000 | 00540nam a2200181Ia 4500 | ||
|---|---|---|---|
| 999 |
_c3810 _d3810 |
||
| 003 | OSt | ||
| 005 | 20210319101515.0 | ||
| 008 | 190216s9999||||xx |||||||||||||| ||und|| | ||
| 020 | _a9788174823816 | ||
| 040 | _coclc | ||
| 082 |
_a540 _bKUL/C |
||
| 100 |
_aKulshrestha, Hemant _98444 |
||
| 245 | 0 |
_aCSIR - UGC NET / JRF / SET Chemical Sciences / _cHemant Kulshrestha ; Ajay Taneja |
|
| 260 |
_bUpakar Prakashan, _c2018. _aAgra: |
||
| 300 | _a999p | ||
| 650 | _aChemistry | ||
| 942 |
_cBK _2ddc _h540 _iKUL/C _k540 _mKUL/C |
||